| 000 | 02179cam a22004814i 4500 | ||
|---|---|---|---|
| 003 | PE-LiUPU | ||
| 005 | 20250731183353.0 | ||
| 008 | 160913s2011 sp a rb 000 0 spa d | ||
| 020 | _a8425223903 | ||
| 020 | _a9788425223907 | ||
| 035 | _a(Sirsi) a163431 | ||
| 040 |
_aPE-LiUPU _bspa _cPE-LiUPU _erda |
||
| 041 | 1 |
_aspa _heng |
|
| 082 | 0 | 4 |
_a704.944 _bH71 _220 |
| 082 | 0 | 4 |
_a704.944 _bH71 2011 |
| 100 | 1 |
_aHolden, Robert, _eautor. |
|
| 245 | 1 | 3 |
_aLa construcción en el proyecto del paisaje / _cRobert Holden y Jamie Liversedge. |
| 264 |
_aBarcelona : _bGustavo Gili, _ccop. 2011. |
||
| 300 |
_a240 páginas. : _bilustraciones: _c28 centimetros. |
||
| 336 |
_atext _2rdacontent |
||
| 337 |
_aunmediated _2rdamedia |
||
| 338 |
_avolume _2rdacarrier |
||
| 504 | _aÍndices: páginas 235 | ||
| 505 | _aIntroducción -- Pricipios generales -- Materiales de construcción -- Elementos -- Montaje -- Proyectos y acabados. | ||
| 526 | _aP158 | ||
| 526 | _aP146 | ||
| 526 | _aP17 | ||
| 526 | _aP12 | ||
| 526 | _aP06 | ||
| 534 |
_pTitulo original : _tConstruction for landscape design. |
||
| 541 | _g423-0000051; | ||
| 650 | 1 | 4 | _aArquitectura del paisage. |
| 700 | 1 | _aLiversedge, Jamie. | |
| 910 |
_ajck _bjos _cjck _d20160913 |
||
| 910 |
_agavs _d20180924 |
||
| 942 |
_2ddc _cBOOK |
||
| 949 |
_a704.944 H71 _wDEWEY _c1 _i70687 _lCATALOGING _mBUL _p56 _r0 _sY _tBOOK _u2016-09-13 _xINGENIERIA _PP06 _0COMPRA _o.CIRCNOTE. El documento es de alto precio. _o.STAFF. Colección Fia |
||
| 949 |
_a704.944 H71 2011 _wDEWEY _c1 _iFT03892 _lCCODEBUT1 _mBUT _p{dolar}254.90 _r0 _sY _tBOOK _u2018-09-24 _xFIA _zARQUITECTURA _0COMPRA _o.STAFF. Colección General Tarapoto |
||
| 596 | _a1 2 | ||
| 999 |
_a704.944 H71 _wDEWEY _c12310 _i70687 _d12310 _e2018-11-20 _f2021-11-9 _g7 _lCCODEBUL1 _mBUL _n5 _p56.00 _q5 _r0 _sY _tBOOK _u2016-9-13 _xINGENIERIA _PP06 _0COMPRA _o.STAFF. Colección Fia |
||
| 999 |
_a704.944 H71 2011 _wDEWEY _c1 _iFT03892 _f2019-2-20 _g1 _lCCODEBUT1 _mBUT _p254.90 _r0 _sY _tBOOK _u2018-9-24 _xINGENIERIA _PP06 _0COMPRA _1FCOMPR2 _o.STAFF. Colección General Tarapoto |
||
| 980 |
_81 _gALBERTO SANCHEZ Responsable de Automatización |
||